Swoop Destinations - Statistics

General Stats
  • This quiz has been taken 16 times
  • The average score is 9 of 17
Answer Stats
Country Answer % Correct
Canada Toronto
100%
USA Orlando
89%
Mexico Cancun
78%
Canada Edmonton
78%
Canada Halifax
67%
USA Las Vegas
67%
Mexico Montego Bay
67%
USA Tampa
67%
Canada Winnipeg
67%
Canada Hamilton
56%
Canada Kelowna
44%
Mexico Puerto Vallarta
44%
Canada Victoria
33%
Mexico Mazatlan
22%
USA Phoenix
22%
Canada Abbotsford
11%
Jamaica Varadero
0%
No matching quizzes found
Score Distribution
Percent of People with Each Score
Percentile by Number Answered
Your Score History
You have not taken this quiz